[Event "Thessaloniki-Chalkidiki-chT B local"]
[Site "Thessaloniki"]
[Date "2019.03.24"]
[Round "9.5"]
[White "Bertaki, Efrosini"]
[Black "Mavridou, Hristina"]
[Result "0-1"]
[WhiteElo "1153"]
[BlackElo "1330"]
[PlyCount "86"]
[EventDate "2019.01.13"]
[EventType "team-swiss"]
[EventRounds "9"]
[EventCountry "GRE"]
[SourceTitle "EXT 2020"]
[Source "ChessBase"]
[SourceDate "2019.10.17"]
[SourceVersion "1"]
[SourceVersionDate "2019.10.17"]
[SourceQuality "1"]

1. e4 e5 2. Nf3 Nf6 3. Nc3 Bb4 4. Qe2 Nc6 5. a3 Be7 6. d3 d6 7. Bg5 h6 8. Bxf6 Bxf6 9. Nd5 Bg4 10. c3 0-0 11. h3 Bh5 12. g4 Bg6 13. Nxf6+ Qxf6 14. Rg1 Qe6 15. g5 Bh5 16. gxh6 Qxh6 17. Rg3 Ne7 18. h4 Ng6 19. Bh3 Nf4 20. Qd1 Bxf3 21. Qxf3 Qxh4 22. 0-0-0 Nxh3 23. Rxh3 Qf4+ 24. Qxf4 exf4 25. Rdh1 f6 26. Rh7 Kf7 27. R1h4 Kg6 28. f3 f5 29. Kd2 fxe4 30. dxe4 Rad8 31. Ke2 d5 32. R7h5 dxe4 33. fxe4 f3+ 34. Kf2 Rd2+ 35. Kg3 Rg2+ 36. Kh3 f2 37. Rf5 f1Q 38. Rxf1 Rxf1 39. Kxg2 Rb1 40. Rf4 Rxb2+ 41. Kf3 Rb3 42. e5 Rxc3+ 43. Ke4 Rc4+ 0-1

[Event "GRE-ch U16 Girls"]
[Site "Greece"]
[Date "2014.07.06"]
[Round "3"]
[White "Poulopoulou, Ekaterini"]
[Black "Mavridou, Hristina"]
[Result "1-0"]
[WhiteElo "1550"]
[BlackElo "1453"]
[PlyCount "115"]
[EventDate "2014.07.04"]
[EventType "swiss"]
[EventRounds "9"]
[EventCountry "GRE"]
[SourceTitle "EXT 2017"]
[Source "ChessBase"]
[SourceDate "2016.10.25"]
[SourceVersion "1"]
[SourceVersionDate "2016.10.25"]
[SourceQuality "1"]

1. d4 d5 2. c4 e6 3. Nf3 Nf6 4. g3 b6 5. cxd5 Nxd5 6. Bg2 Be7 7. 0-0 0-0 8. Re1 Bb7 9. e4 Nf6 10. Nc3 Bb4 11. Qc2 Bxc3 12. bxc3 Nxe4 13. Rxe4 Bxe4 14. Qxe4 Nd7 15. Ng5 Nf6 16. Qxa8 Qxa8 17. Bxa8 Rxa8 18. Ba3 h6 19. Nf3 Ne4 20. c4 Rd8 21. Bb2 Nd6 22. Rc1 Nf5 23. Kf1 Kh7 24. Rd1 Ne7 25. Ke2 f6 26. Rd3 Kg6 27. Re3 Kf7 28. Rd3 Nc6 29. Ba3 Ne7 30. Bxe7 Kxe7 31. Ra3 Ra8 32. Nd2 Kd6 33. f4 a5 34. Re3 Rd8 35. d5 Re8 36. Nf3 Re7 37. dxe6 Rxe6 38. Rxe6+ Kxe6 39. Nd4+ Kd6 40. Kd3 Ke7 41. a3 c5 42. Nf5+ Kf7 43. Nd6+ Ke6 44. Nc8 Kd7 45. Nxb6+ Ke6 46. Na4 Kd6 47. Ke4 g6 48. g4 h5 49. h3 h4 50. f5 g5 51. Nc3 Kc6 52. Nd5 Kd6 53. Nxf6 Ke7 54. Ke5 Kf7 55. Nd7 a4 56. f6 Ke8 57. Ke6 Kd8 58. f7 1-0

[Event "GRE-chT 42nd"]
[Site "Porto Rio"]
[Date "2014.06.29"]
[Round "2.5"]
[White "Mourouti, Marietta"]
[Black "Mavridou, Hristina"]
[Result "1/2-1/2"]
[WhiteElo "1666"]
[BlackElo "1453"]
[PlyCount "113"]
[EventDate "2014.06.28"]
[EventType "team-swiss"]
[EventRounds "7"]
[EventCountry "GRE"]
[SourceTitle "CBM 161 Extra"]
[Source "ChessBase"]
[SourceDate "2014.08.29"]
[SourceVersion "1"]
[SourceVersionDate "2014.08.29"]
[SourceQuality "1"]
[WhiteTeam "Pan GA"]
[BlackTeam "Polichnis"]
[WhiteTeamCountry "GRE"]
[BlackTeamCountry "GRE"]

1. e4 e5 2. d4 exd4 3. c3 dxc3 4. Bc4 Nf6 5. Nxc3 Nc6 6. Nf3 Bb4 7. 0-0 0-0 8. Bg5 Be7 9. h3 h6 10. Bf4 d6 11. a3 Nh7 12. Nd5 Bf6 13. Qd2 Re8 14. Rfe1 Be6 15. Rad1 Be5 16. Nxe5 Nxe5 17. Bxe5 dxe5 18. Qc3 c6 19. Nf4 Qf6 20. Nxe6 fxe6 21. Re3 Ng5 22. Qc2 Rad8 23. Red3 Rxd3 24. Qxd3 Rf8 25. Rf1 Rd8 26. Qc2 Qg6 27. Kh2 Qxe4 28. Bxe6+ Kf8 29. Qxe4 Nxe4 30. Re1 Nxf2 31. Rxe5 Nd3 32. Re2 Re8 33. Rd2 Rxe6 34. Rxd3 Ke7 35. Kg3 Rd6 36. Re3+ Re6 37. Rd3 Re2 38. b4 b6 39. Rc3 Re6 40. Kf4 Kd7 41. Rd3+ Rd6 42. Re3 Rd5 43. Ke4 Kd6 44. Rg3 Rg5 45. Rd3+ Rd5 46. Rg3 Rg5 47. Rd3+ Rd5 48. Rg3 g5 49. Rf3 Ke7 50. Rc3 Kd6 51. Rf3 Kc7 52. Rc3 Rd6 53. Kf5 Kb7 54. Ke5 Rd5+ 55. Ke4 Rd6 56. Ke5 Kc7 57. Kf5 1/2-1/2